NLSUI OPAC header image

Certificates, certifications, reports and petitions under various acts, rules, regulations and guidelines (Record no. 5463)

MARC details
000 -LEADER
fixed length control field 00513nam a2200157Ia 4500
008 - FIXED-LENGTH DATA ELEMENTS--GENERAL INFORMATION
fixed length control field 160316s1992 xxu||||| |||| 00| 0 eng d
082 ## - DEWEY DECIMAL CLASSIFICATION NUMBER
Classification number 347.055000
Item number JAI
100 ## - MAIN ENTRY--PERSONAL NAME
Personal name Jain S K
245 ## - TITLE STATEMENT
Title Certificates, certifications, reports and petitions under various acts, rules, regulations and guidelines
250 ## - EDITION STATEMENT
Edition statement
260 ## - PUBLICATION, DISTRIBUTION, ETC.
Place of publication, distribution, etc. Calcutta
Name of publisher, distributor, etc. Chanakya Publications
Date of publication, distribution, etc. 1992
300 ## - PHYSICAL DESCRIPTION
Extent 478p
Other physical details 20 cm
Dimensions
365 ## - TRADE PRICE
Price amount Rs.325/-
650 ## - SUBJECT ADDED ENTRY--TOPICAL TERM
Topical term or geographic name entry element 1.Certificates - Certifications - Reports - Petitions - Formats
700 ## - ADDED ENTRY--PERSONAL NAME
Personal name
--
Holdings
Withdrawn status Lost status Damaged status Not for loan Home library Current library Shelving location Date acquired Cost, normal purchase price Total Checkouts Full call number Barcode Date last seen Price effective from Koha item type
        . . Library Compactors 30.05.2017 325.00   347.055 JAI 5649 30.05.2017 30.05.2017 BOOKs